[Event "SR 4. liga A21 2018/2019"]
[Site "?"]
[Date "2018.12.02"]
[Round "4.2"]
[White "Vogl, Zdenek"]
[Black "Cerovsky, Marian"]
[Result "0-1"]
[WhiteElo "1878"]
[BlackElo "1778"]
[PlyCount "102"]
[EventDate "2018.??.??"]
[WhiteTeam "Å K Skalica C"]
[BlackTeam "Å O KopÄ�any"]

1. e4 e5 2. Nf3 Nc6 3. Bb5 a6 4. Ba4 h6 5. O-O b5 6. Bb3 Nf6 7. Re1 Bc5 8. c3
d6 9. h3 O-O 10. d4 Bb6 11. a4 Na5 12. axb5 exd4 13. Nxd4 Bb7 14. Bc2 axb5 15.
Nxb5 Qe8 16. Nd4 Nc4 17. Rxa8 Qxa8 18. f3 Ne5 19. Kh2 Re8 20. Bf4 Ng6 21. Bg3
Nh5 22. Nd2 Nxg3 23. Kxg3 Qd8 24. Kh2 Qg5 25. Nf1 Nf4 26. g3 Ng6 27. Qd2 Qf6
28. Qd1 Bc8 29. Ne3 Be6 30. Nxe6 fxe6 31. Ng4 Qf7 32. Bb3 h5 33. Ne3 h4 34. Nf5
hxg3+ 35. Nxg3 Qf4 36. Rf1 Kh7 37. Qe2 Nh4 38. Bd1 e5 39. Qe1 Re6 40. Qe2 Rg6
41. Qe1 Rh6 42. Qe2 Ng6 43. Qg2 Nh4 44. Qe2 Be3 45. Bb3 Rg6 46. Qe1 Nxf3+ 47.
Rxf3 Qxf3 48. Bd1 Qf4 49. Bg4 Bf2 50. Qf1 Bxg3+ 51. Kg2 Qxf1+ 0-1

[Event "SR 4. liga A21 2018/2019"]
[Site "?"]
[Date "2018.12.02"]
[Round "4.2"]
[White "Moravec, Milan"]
[Black "Vepy, Ivan"]
[Result "0-1"]
[WhiteElo "1639"]
[BlackElo "1851"]
[PlyCount "100"]
[EventDate "2018.??.??"]
[WhiteTeam "Å O KopÄ�any"]
[BlackTeam "Å K Skalica C"]

1. d4 Nf6 2. c4 e6 3. Nc3 d5 4. Bg5 Be7 5. e3 O-O 6. Nf3 b6 7. Bd3 Ba6 8. cxd5
Bxd3 9. Qxd3 Nxd5 10. Bxe7 Nxe7 11. Ne5 Nd7 12. Nxd7 Qxd7 13. O-O c5 14. Rfd1
Rfd8 15. Qe4 Nd5 16. Nxd5 exd5 17. Qf3 c4 18. Rac1 f5 19. b3 b5 20. bxc4 bxc4
21. Qe2 Rab8 22. Rb1 Qa4 23. g3 Rb6 24. Rxb6 axb6 25. Rb1 Qc6 26. Qc2 g6 27. a4
Ra8 28. Rb4 Ra5 29. h4 Ra6 30. Rb5 Qe6 31. Qb1 c3 32. Kf1 Qc6 33. Qc2 Rxa4 34.
Rxb6 Ra1+ 35. Rb1 Rxb1+ 36. Qxb1 c2 37. Qc1 Qc3 38. Ke2 Kf7 39. f3 h5 40. f4
Ke6 41. Kf2 Kd6 42. Ke2 Kc6 43. Kf2 Kb5 44. Qf1+ Ka5 45. Qc1 Kb4 46. Ke2 Kb3
47. Kf3 Qb2 48. Qf1 c1=Q 49. Qb5+ Ka2 50. Qa5+ Kb1 0-1

[Event "SR 4. liga A21 2018/2019"]
[Site "?"]
[Date "2018.12.02"]
[Round "4.2"]
[White "Harasta, Marian"]
[Black "Damborsky, Pavol"]
[Result "1-0"]
[WhiteElo "1658"]
[BlackElo "1621"]
[PlyCount "97"]
[EventDate "2018.??.??"]
[WhiteTeam "Å K Skalica C"]
[BlackTeam "Å O KopÄ�any"]

1. d4 d5 2. c4 c6 3. e3 Nf6 4. Nc3 e6 5. Nf3 Be7 6. Bd3 Nbd7 7. a3 h6 8. c5 b6
9. b4 b5 10. a4 bxa4 11. Qxa4 Bb7 12. b5 Qc8 13. O-O O-O 14. Bd2 cxb5 15. Bxb5
Nb8 16. Rfb1 Bc6 17. Ne5 Bxb5 18. Nxb5 Nc6 19. Nxc6 Qxc6 20. Nxa7 Qxa4 21. Rxa4
Ne4 22. Be1 Nxc5 23. dxc5 Bxc5 24. Rba1 Rab8 25. Bc3 Rb3 26. Bd4 Rfb8 27. g3
Bxd4 28. Rxd4 Rb2 29. Rda4 Rc2 30. R4a2 Rc4 31. Rd1 Ra8 32. h4 Rc7 33. Rda1 Rb8
34. Kg2 h5 35. Ra6 Rc2 36. R1a2 Rc4 37. Nc6 Rf8 38. Ne7+ Kh7 39. Nc6 Re4 40.
R2a4 Rxa4 41. Rxa4 Kh6 42. Ra7 f6 43. Re7 e5 44. Re6 Kh7 45. Rd6 Rc8 46. Ne7
Re8 47. Nxd5 Kg6 48. f3 Kh7 49. Rxf6 1-0

[Event "SR 4. liga A21 2018/2019"]
[Site "?"]
[Date "2018.12.02"]
[Round "4.2"]
[White "Dubecky, Ladislav"]
[Black "Danihel, Jozef"]
[Result "1-0"]
[WhiteElo "1578"]
[BlackElo "1539"]
[PlyCount "40"]
[EventDate "2018.??.??"]
[WhiteTeam "Å O KopÄ�any"]
[BlackTeam "Å K Skalica C"]

1. e4 d5 2. exd5 Nf6 3. c4 e6 4. dxe6 Bxe6 5. d4 c6 6. Nf3 Nbd7 7. Bg5 Bb4+ 8.
Nc3 O-O 9. Be2 Qc7 10. O-O Rfe8 11. a3 Be7 12. b4 a5 13. c5 Nd5 14. Ne4 axb4
15. axb4 Rxa1 16. Qxa1 Bf5 17. Ng3 Bxg5 18. Nxg5 Qf4 19. Nh3 Bxh3 20. gxh3 Qxd4
1-0

[Event "SR 4. liga A21 2018/2019"]
[Site "?"]
[Date "2018.12.02"]
[Round "4.2"]
[White "Romanova, Ela"]
[Black "Pisecky, Jan"]
[Result "1-0"]
[WhiteElo "1341"]
[BlackElo "1355"]
[PlyCount "103"]
[EventDate "2018.??.??"]
[WhiteTeam "Å K Skalica C"]
[BlackTeam "Å O KopÄ�any"]

1. e4 c5 2. Nf3 e6 3. d4 b6 4. Nc3 Bb7 5. Be2 Nf6 6. Bg5 Be7 7. Qd3 h6 8. Be3
d5 9. exd5 Nxd5 10. Nxd5 Bxd5 11. dxc5 Bxc5 12. Bxc5 bxc5 13. Qb5+ Nd7 14. c4
a6 15. Qa4 Bxf3 16. Bxf3 Ra7 17. Rd1 O-O 18. Bc6 Qb6 19. Rxd7 Rxd7 20. Bxd7
Qxb2 21. O-O Qb4 22. Qxb4 cxb4 23. Ba4 Rc8 24. Bb3 Kf8 25. Rd1 Ke7 26. f3 a5
27. Rc1 Rc5 28. Kf2 g5 29. Ke3 Re5+ 30. Kd4 f6 31. c5 Re2 32. Rg1 a4 33. Bxa4
Rxa2 34. Bb3 Ra8 35. Re1 e5+ 36. Kc4 Rb8 37. Rd1 f5 38. Rd5 Kf6 39. Rd6+ Kg7
40. Rb6 Rc8 41. Kxb4 e4 42. fxe4 fxe4 43. Re6 Rb8+ 44. Kc4 Rf8 45. Rxe4 Rf2 46.
Rg4 Kf6 47. c6 Rf1 48. Kb5 Ke5 49. c7 Rf8 50. Rc4 Rc8 51. Kb6 Kd6 52. Rd4+ 1-0

[Event "SR 4. liga A21 2018/2019"]
[Site "?"]
[Date "2018.12.02"]
[Round "4.3"]
[White "Podjavorinsky, Michal"]
[Black "Slaba, Andrea"]
[Result "1/2-1/2"]
[WhiteElo "1916"]
[BlackElo "1911"]
[PlyCount "62"]
[EventDate "2018.??.??"]
[WhiteTeam "ZÅ K VrbovÃ© A"]
[BlackTeam "Å K KamenÃ¡r Chtelnica"]

1. e4 b6 2. d4 Bb7 3. Nc3 e6 4. Bd3 Nf6 5. Bg5 h6 6. Bh4 g5 7. Bg3 Bb4 8. Qf3
g4 9. Qe3 Nh5 10. Nge2 Be7 11. f3 gxf3 12. Qxf3 Nxg3 13. Nxg3 Bg5 14. Nh5 Qe7
15. Ng7+ Kf8 16. Nh5 c5 17. O-O Nc6 18. d5 Ne5 19. Qf2 Nxd3 20. cxd3 exd5 21.
Rae1 d4 22. Nd1 d6 23. Qf5 Bc8 24. Qd5 Bb7 25. Qf5 Rg8 26. Nf4 Bxf4 27. Rxf4
Rg5 28. Qh7 Qe6 29. Ref1 Rg7 30. Qh8+ Rg8 31. Qh7 Rg7 1/2-1/2

[Event "SR 4. liga A21 2018/2019"]
[Site "?"]
[Date "2018.12.02"]
[Round "4.3"]
[White "Slaby, Jozef"]
[Black "Blatnicky, Miroslav"]
[Result "0-1"]
[WhiteElo "1726"]
[BlackElo "2092"]
[PlyCount "110"]
[EventDate "2018.??.??"]
[WhiteTeam "Å K KamenÃ¡r Chtelnica"]
[BlackTeam "ZÅ K VrbovÃ© A"]

1. Nf3 d5 2. c4 c6 3. b3 Bf5 4. Bb2 e6 5. g3 h6 6. Bg2 Nf6 7. O-O Nbd7 8. d3
Qb6 9. Nbd2 Rd8 10. a4 Bb4 11. Ra2 O-O 12. Qa1 Rfe8 13. a5 Qc7 14. Rd1 a6 15.
Ne5 Bf8 16. Ndf3 Nc5 17. Nd2 Qc8 18. b4 Ncd7 19. Nxd7 Nxd7 20. e4 dxe4 21. Nxe4
f6 22. c5 Be7 23. Bc3 e5 24. d4 exd4 25. Rxd4 Nf8 26. Rad2 Ne6 27. Nd6 Bxd6 28.
Rxd6 Rxd6 29. Rxd6 Nc7 30. Rd2 $11 Be4 31. f3 Bd5 32. Qd1 Nb5 33. Bb2 Qe6 34.
Rf2 Qf5 35. Qc2 Re1+ 36. Bf1 Qxc2 37. Rxc2 Re3 38. Bxb5 axb5 39. Rc3 Re2 40.
Ba3 Be6 41. g4 h5 42. h3 Kf7 43. Bc1 g5 44. Ba3 f5 45. Bc1 hxg4 46. fxg4 f4 47.
Kf1 Rh2 48. Kg1 Ra2 49. Kf1 Bc4+ 50. Kg1 Bd5 51. Kf1 Kf6 52. Ke1 f3 53. Be3 Rh2
54. Bd4+ Kf7 55. Re3 f2+ 0-1

[Event "SR 4. liga A21 2018/2019"]
[Site "?"]
[Date "2018.12.02"]
[Round "4.3"]
[White "Miciak, Emanuel"]
[Black "Piestansky, Jan"]
[Result "1-0"]
[WhiteElo "1869"]
[BlackElo "1644"]
[PlyCount "45"]
[EventDate "2018.??.??"]
[WhiteTeam "ZÅ K VrbovÃ© A"]
[BlackTeam "Å K KamenÃ¡r Chtelnica"]

1. d4 d5 2. c4 c6 3. Nf3 Bf5 4. e3 e6 5. Nc3 Nf6 6. Be2 Be7 7. Nh4 Bg6 8. Nxg6
fxg6 9. O-O O-O 10. b3 Nbd7 11. Bb2 Rf7 12. Qc2 Qc7 13. Rac1 Rc8 14. Qd3 Qd8
15. Bf3 e5 16. cxd5 exd4 17. exd4 cxd5 18. Nxd5 Rxc1 19. Rxc1 Nxd5 20. Bxd5 Bf6
21. Qc4 Qf8 22. Re1 Nb6 23. Bxf7+ 1-0

[Event "SR 4. liga A21 2018/2019"]
[Site "?"]
[Date "2018.12.02"]
[Round "4.3"]
[White "Pripko, Bystrik"]
[Black "Podjavorinsky, Peter"]
[Result "1-0"]
[WhiteElo "1633"]
[BlackElo "1690"]
[PlyCount "91"]
[EventDate "2018.??.??"]
[WhiteTeam "Å K KamenÃ¡r Chtelnica"]
[BlackTeam "ZÅ K VrbovÃ© A"]

1. e4 e6 2. Nf3 c5 3. d3 Nc6 4. Be2 Be7 5. O-O d5 6. exd5 exd5 7. c3 h6 8. Nbd2
Nf6 9. Nb3 O-O 10. Be3 b6 11. h3 Bb7 12. d4 c4 13. Nbd2 Bd6 14. Nh2 Ne7 15.
Ndf3 Qc7 16. Qc2 Bc8 17. Rfe1 Nf5 18. Bd2 Ne4 19. Ng4 f6 20. Ne3 Nxe3 21. Bxe3
Bf5 22. Qc1 Rae8 23. Nh4 Bh7 24. Bh5 Re7 25. Ng6 Bxg6 26. Bxg6 f5 27. Bh5 f4
28. Bd2 Rf6 29. Qc2 Qd8 30. Bf3 Qe8 31. Re2 h5 32. Rae1 Rfe6 33. Bxe4 Rxe4 34.
Rxe4 Rxe4 35. Rxe4 dxe4 36. Qc1 g5 37. Qe1 Qg6 38. Qb1 Qe6 39. Qe1 Qf5 40. Qe2
e3 41. fxe3 Qb1+ 42. Kf2 Qd3 43. exf4 Bxf4 44. Qxd3 cxd3 45. Bxf4 gxf4 46. Ke1
1-0

[Event "SR 4. liga A21 2018/2019"]
[Site "?"]
[Date "2018.12.02"]
[Round "4.3"]
[White "Jancovicova, Petra"]
[Black "Kuracina, Lubomir"]
[Result "1-0"]
[WhiteElo "1610"]
[BlackElo "1477"]
[PlyCount "85"]
[EventDate "2018.??.??"]
[WhiteTeam "ZÅ K VrbovÃ© A"]
[BlackTeam "Å K KamenÃ¡r Chtelnica"]

1. e4 e5 2. Nf3 d6 3. d4 exd4 4. Nxd4 a6 5. Nc3 b5 6. a3 c5 7. Nf3 Be6 8. Be2
Nc6 9. Bf4 Qd7 10. O-O Rd8 11. Qd2 h6 12. Rad1 f5 13. Qe3 fxe4 14. Nxe4 d5 15.
Nxc5 Bxc5 16. Qxc5 Nge7 17. Rfe1 O-O 18. Bg3 Nf5 19. Ne5 Nxe5 20. Bxe5 Rc8 21.
Qb6 Rxc2 22. Qxa6 Ne7 23. Bd3 Rcxf2 24. Bxb5 Qc8 25. Qxc8 Nxc8 26. Bd4 R2f6 27.
Bxf6 Rxf6 28. a4 Nd6 29. Bc6 Nc4 30. Bxd5 Bxd5 31. Rxd5 Nxb2 32. a5 Ra6 33. Rc1
Kf7 34. Ra1 Ke6 35. Rb5 Nc4 36. Ra4 Nd6 37. Rb6 Ra7 38. Rd4 Rd7 39. a6 Ke5 40.
Rbxd6 Rxd6 41. Rxd6 Kxd6 42. a7 g5 43. a8=Q 1-0

[Event "SR 4. liga A21 2018/2019"]
[Site "?"]
[Date "2018.12.02"]
[Round "4.4"]
[White "Vodicka, Michal"]
[Black "Curidlo, Jan"]
[Result "1-0"]
[WhiteElo "1890"]
[BlackElo "1845"]
[PlyCount "87"]
[EventDate "2018.??.??"]
[WhiteTeam "Å K KÃºpele PieÅ¡Å¥any C"]
[BlackTeam "Å K KÃºpele PieÅ¡Å¥any B"]

1. e4 Nc6 2. d4 e5 3. Nf3 exd4 4. Nxd4 Bc5 5. Be3 Qf6 6. c3 a6 7. Be2 d6 8. O-O
Ne5 9. Nd2 Qe7 10. f4 Ng6 11. Bf3 Nf6 12. Qc2 O-O 13. Rae1 Re8 14. Nf5 Bxe3+
15. Nxe3 Nxf4 16. g3 Nh3+ 17. Kg2 Ng5 18. Nf5 Qf8 19. Qd3 Nd7 20. Qe3 Nxf3 21.
Nxf3 f6 22. Qf4 Ne5 23. Qh4 Bxf5 24. exf5 Nxf3 25. Kxf3 Rxe1 26. Rxe1 Re8 27.
Qc4+ Kh8 28. Rxe8 Qxe8 29. Qxc7 Qc6+ 30. Qxc6 bxc6 31. Ke4 Kg8 32. Kd4 Kf7 33.
Kc4 Ke7 34. Kb4 Kd7 35. Ka5 d5 36. Kxa6 Kd6 37. Kb6 c5 38. Kb5 g6 39. a4 d4 40.
cxd4 cxd4 41. Kc4 Ke5 42. a5 Ke4 43. a6 d3 44. a7 1-0

[Event "SR 4. liga A21 2018/2019"]
[Site "?"]
[Date "2018.12.02"]
[Round "4.4"]
[White "Musaev, Matej Elbek"]
[Black "Bzdusek, Jan"]
[Result "1-0"]
[WhiteElo "1671"]
[BlackElo "1901"]
[PlyCount "73"]
[EventDate "2018.??.??"]
[WhiteTeam "Å K KÃºpele PieÅ¡Å¥any B"]
[BlackTeam "Å K KÃºpele PieÅ¡Å¥any C"]

1. e4 e5 2. Nf3 Nc6 3. Bc4 Nf6 4. O-O Be7 5. Re1 O-O 6. c3 d6 7. d3 Na5 8. Bb5
c6 9. Ba4 b5 10. Bc2 Bg4 11. Nbd2 Qc7 12. h3 Bh5 13. Nf1 Nb7 14. Ng3 Bg6 15.
Nh4 a5 16. Nhf5 Rfe8 17. Bg5 Bd8 18. Qd2 Nh5 19. Nxh5 Bxh5 20. h4 Bg6 21. Ng3
h6 22. Bxh6 gxh6 23. Qxh6 Qe7 24. Bb3 Qxh4 25. Qxg6+ Kh8 26. Bxf7 Rf8 27. Re3
Qg5 28. Nf5 Qxg6 29. Bxg6 Rf6 30. Rh3+ Kg8 31. Rg3 Kf8 32. Kh2 Bb6 33. Bh7 Nd8
34. d4 Ra7 35. Rg8+ Kf7 36. Kg3 Ne6 37. Nxd6+ 1-0

[Event "SR 4. liga A21 2018/2019"]
[Site "?"]
[Date "2018.12.02"]
[Round "4.4"]
[White "Orvisky, Vladimir"]
[Black "Sedlak, Rastislav"]
[Result "1-0"]
[WhiteElo "1739"]
[BlackElo "1668"]
[PlyCount "67"]
[EventDate "2018.??.??"]
[WhiteTeam "Å K KÃºpele PieÅ¡Å¥any C"]
[BlackTeam "Å K KÃºpele PieÅ¡Å¥any B"]

1. c4 c5 2. Nf3 Nc6 3. Nc3 Nf6 4. g3 e6 5. Bg2 Be7 6. O-O O-O 7. d4 d6 8. d5
exd5 9. Nxd5 Be6 10. Nxe7+ Qxe7 11. Bf4 d5 12. Ng5 d4 13. Nxe6 Qxe6 14. b3 Nh5
15. Bc1 Nf6 16. Re1 Rfe8 17. Ba3 b6 18. e3 dxe3 19. Rxe3 Qc8 20. Qf3 Rxe3 21.
fxe3 Qe6 22. Qxc6 Qxe3+ 23. Kh1 Re8 24. Qf3 Qd2 25. Rd1 Qxa2 26. Bc1 h5 27. Rf1
Re2 28. Bg5 Re6 29. Bxf6 Rxf6 30. Qa8+ Kh7 31. Be4+ Kh6 32. Rxf6+ gxf6 33. Qh8+
Kg5 34. Qg7# 1-0

[Event "SR 4. liga A21 2018/2019"]
[Site "?"]
[Date "2018.12.02"]
[Round "4.4"]
[White "Oravec, Pavol"]
[Black "Siska, Kristof"]
[Result "1-0"]
[WhiteElo "1746"]
[BlackElo "1755"]
[PlyCount "119"]
[EventDate "2018.??.??"]
[WhiteTeam "Å K KÃºpele PieÅ¡Å¥any B"]
[BlackTeam "Å K KÃºpele PieÅ¡Å¥any C"]

1. d4 Nf6 2. Nf3 g6 3. Bf4 Bg7 4. Nbd2 d5 5. e3 Nc6 6. c4 O-O 7. h3 Re8 8. Ne5
Nxe5 9. Bxe5 c6 10. Qb3 Qa5 11. Bd3 Ne4 12. Bxe4 Bxe5 13. cxd5 cxd5 14. Bxd5 e6
15. Bc4 Bg7 16. Qb5 Qxb5 17. Bxb5 Rd8 18. f4 a6 19. Be2 b5 20. Bf3 Rb8 21. Nb3
Bb7 22. O-O Bxf3 23. gxf3 Bf8 24. Rac1 Rdc8 25. Nc5 Bxc5 26. Rxc5 Rxc5 27. dxc5
b4 28. Rc1 Rc8 29. Kf2 Kf8 30. Ke2 Ke7 31. Kd3 Rd8+ 32. Kc4 Rd2 33. b3 Kd7 34.
Kxb4 Rxa2 35. Rd1+ Kc7 36. Rd6 Ra1 37. e4 h6 38. f5 a5+ 39. Kb5 exf5 40. exf5
Rb1 41. fxg6 Rxb3+ 42. Kxa5 fxg6 43. Rxg6 Rxf3 44. Rxh6 Rb3 45. h4 Rb8 46. h5
Rb2 47. Rb6 Rh2 48. h6 Rh5 49. Kb5 Rh2 50. Rc6+ Kd7 51. Rg6 Rb2+ 52. Kc4 Rh2
53. c6+ Kc7 54. Kd5 Rd2+ 55. Ke6 Kxc6 56. Kf7+ Kc5 57. h7 Rd7+ 58. Kg8 Rd8+ 59.
Kg7 Rd7+ 60. Kh6 1-0

[Event "SR 4. liga A21 2018/2019"]
[Site "?"]
[Date "2018.12.02"]
[Round "4.4"]
[White "Stolar, Michal"]
[Black "Pavelka, Lubos"]
[Result "1-0"]
[WhiteElo "1582"]
[BlackElo "1000"]
[PlyCount "119"]
[EventDate "2018.??.??"]
[WhiteTeam "Å K KÃºpele PieÅ¡Å¥any C"]
[BlackTeam "Å K KÃºpele PieÅ¡Å¥any B"]

1. c4 Nf6 2. Nc3 d5 3. cxd5 Nxd5 4. Qb3 c6 5. g3 e6 6. Bg2 Nd7 7. Nxd5 exd5 8.
d4 Be7 9. Nf3 O-O 10. Bd2 Qb6 11. Qc3 a5 12. a3 h6 13. Rc1 Nf6 14. Ne5 Bd6 15.
O-O Qc7 16. f4 Ne4 17. Bxe4 dxe4 18. Nc4 Bh3 19. Rf2 b6 20. e3 Rfc8 21. Qc2 Bf5
22. Kg2 Bf8 23. Ne5 c5 24. Qa4 Qd6 25. Nc4 Qb8 26. Qb5 Rd8 27. Bc3 Qc8 28. Rcc2
Bh3+ 29. Kg1 Qg4 30. Rcd2 cxd4 31. Bxd4 Bc5 32. Ne5 Qc8 33. Rc2 Qa6 34. Qxa6
Rxa6 35. Rfd2 Bxd4 36. exd4 f6 37. Nc4 b5 38. Ne3 b4 39. Kf2 bxa3 40. bxa3 Be6
41. d5 Bd7 42. Rc5 Ba4 43. Rc4 Bb3 44. Rxe4 a4 45. Red4 Rad6 46. Kf3 Kf7 47. h4
g6 48. g4 Rc8 49. h5 Rc3 50. Kf2 Rc7 51. hxg6+ Kxg6 52. Kf3 Rc3 53. Kf2 h5 54.
gxh5+ Kxh5 55. Nf5 Rd7 56. Ng3+ Kg6 57. f5+ Kg5 58. Ne4+ Kxf5 59. Nxc3 Ke5 60.
d6 1-0

[Event "SR 4. liga A21 2018/2019"]
[Site "?"]
[Date "2018.12.02"]
[Round "4.5"]
[White "Zlamal, Marek"]
[Black "Jakubec, Milan"]
[Result "1-0"]
[WhiteElo "1856"]
[BlackElo "2018"]
[PlyCount "109"]
[EventDate "2018.??.??"]
[WhiteTeam "Å achovÃ½ klub HolÃ­Ä� B"]
[BlackTeam "ZÅ K VrbovÃ© B"]

1. e4 e5 2. c4 Nf6 3. Nc3 Bc5 4. Be2 Nc6 5. Nf3 d6 6. O-O Nd4 7. h3 O-O 8. d3
a5 9. Kh1 h6 10. Nxd4 Bxd4 11. f4 exf4 12. Bxf4 c6 13. Qe1 Be5 14. Be3 c5 15.
Qh4 Nh7 16. Qxd8 Rxd8 17. Nd5 a4 18. Ne7+ Kh8 19. Rxf7 Be6 20. Ng6+ Kg8 21.
Rxb7 Bf6 22. e5 dxe5 23. Bxc5 e4 24. Nf4 Bc8 25. Rb6 exd3 26. Nxd3 Bf5 27. Rd1
Ng5 28. Nf2 Re8 29. Bh5 Reb8 30. Rd2 Rc8 31. Rb5 Bb1 32. b3 Bc3 33. Re2 g6 34.
Bg4 Re8 35. Be3 h5 36. Rxg5 hxg4 37. Nxg4 axb3 38. axb3 Kh7 39. Rf2 Bf5 40. Bd2
Ra1+ 41. Kh2 Bd4 42. Rf4 Bg1+ 43. Kg3 Re2 44. Nf6+ Kg7 45. Rfxf5 Rxd2 46. Nd5
Raa2 47. Nf4 Kh7 48. Rf7+ Kg8 49. Rb7 Be3 50. Rxg6+ Kh8 51. Rf6 Bxf4+ 52. Kxf4
Rf2+ 53. Kg5 Rxg2+ 54. Kh6 Ra8 55. Rg6 1-0

[Event "SR 4. liga A21 2018/2019"]
[Site "?"]
[Date "2018.12.02"]
[Round "4.5"]
[White "Lajda, Dusan"]
[Black "Husek, Lubomir"]
[Result "1/2-1/2"]
[WhiteElo "1772"]
[BlackElo "1862"]
[PlyCount "55"]
[EventDate "2018.??.??"]
[WhiteTeam "ZÅ K VrbovÃ© B"]
[BlackTeam "Å achovÃ½ klub HolÃ­Ä� B"]

1. e4 e5 2. Nf3 Nc6 3. Bc4 Be7 4. d4 d6 5. c3 Nf6 6. Nbd2 O-O 7. Qc2 a6 8. a4
Rb8 9. d5 Na7 10. a5 Bd7 11. O-O Qc8 12. Re1 c6 13. Bd3 Bg4 14. c4 Bh5 15. b3
Ne8 16. Be2 Bg6 17. Bd3 f5 18. exf5 Bxf5 19. Ne4 cxd5 20. cxd5 Qxc2 21. Bxc2
Rc8 22. Bd3 Bg4 23. Be3 Bxf3 24. Bxa7 Bg4 25. Rac1 Nf6 26. Nxf6+ Bxf6 27. Bb6
Rxc1 28. Rxc1 1/2-1/2

[Event "SR 4. liga A21 2018/2019"]
[Site "?"]
[Date "2018.12.02"]
[Round "4.5"]
[White "Hrubos, Milan"]
[Black "Bajcar, Pavol"]
[Result "1/2-1/2"]
[WhiteElo "1742"]
[BlackElo "1648"]
[PlyCount "79"]
[EventDate "2018.??.??"]
[WhiteTeam "Å achovÃ½ klub HolÃ­Ä� B"]
[BlackTeam "ZÅ K VrbovÃ© B"]

1. e4 e6 2. d4 d5 3. Nc3 Bb4 4. e5 c5 5. a3 cxd4 6. axb4 dxc3 7. bxc3 Qc7 8.
Qd4 Nc6 9. Bb5 Nge7 10. Nf3 a6 11. Bxc6+ Qxc6 12. O-O Qc4 13. Nd2 Qxd4 14. cxd4
Bd7 15. Bb2 Nc8 16. Rfc1 Nb6 17. c4 dxc4 18. Nxc4 Nxc4 19. Rxc4 O-O 20. Rac1
Rfc8 21. f4 Rxc4 22. Rxc4 Rc8 23. Rxc8+ Bxc8 24. Kf2 Kf8 25. Ke3 Bd7 26. g4 g6
27. Ba3 Ke8 28. Kd3 Bc6 29. Ke3 Kd7 30. h4 Ba4 31. h5 gxh5 32. gxh5 h6 33. Ke2
Kc6 34. Bc1 Bc2 35. Kd2 Bf5 36. Kc3 Kd5 37. b5 axb5 38. Ba3 Bg4 39. Bf8 Bxh5
40. Bxh6 1/2-1/2

[Event "SR 4. liga A21 2018/2019"]
[Site "?"]
[Date "2018.12.02"]
[Round "4.5"]
[White "Lanyi, Frantisek"]
[Black "Vach, Jozef"]
[Result "0-1"]
[WhiteElo "1668"]
[BlackElo "1685"]
[PlyCount "74"]
[EventDate "2018.??.??"]
[WhiteTeam "ZÅ K VrbovÃ© B"]
[BlackTeam "Å achovÃ½ klub HolÃ­Ä� B"]

1. d4 d5 2. c4 c6 3. Nc3 Nf6 4. Bg5 e6 5. Nf3 Be7 6. e3 O-O 7. Bd3 dxc4 8. Bxc4
b5 9. Bd3 a5 10. O-O Ba6 11. Ne4 b4 12. Nxf6+ Bxf6 13. Bxf6 Qxf6 14. Rc1 Rd8
15. Ne5 Bxd3 16. Qxd3 Qxe5 17. Qxh7+ Kxh7 18. dxe5 Rd5 19. f4 Ra6 20. Rc2 Nd7
21. b3 c5 22. g4 g6 23. h4 Rd3 24. Kf2 a4 25. Ke2 axb3 26. axb3 Rxb3 27. Rd1
Nb6 28. Rxc5 Nd5 29. Kf2 Ra2+ 30. Kg1 Rxe3 31. f5 Rg3+ 32. Kh1 Rgg2 33. fxg6+
Kxg6 34. h5+ Kg5 35. Rd3 Nf4 36. Rd1 Rh2+ 37. Kg1 Rag2+ 0-1

[Event "SR 4. liga A21 2018/2019"]
[Site "?"]
[Date "2018.12.02"]
[Round "4.5"]
[White "Stehlik, Jan"]
[Black "Madzo, Anton"]
[Result "1/2-1/2"]
[WhiteElo "1609"]
[BlackElo "1480"]
[PlyCount "52"]
[EventDate "2018.??.??"]
[WhiteTeam "Å achovÃ½ klub HolÃ­Ä� B"]
[BlackTeam "ZÅ K VrbovÃ© B"]

1. e4 e6 2. d4 d5 3. Nd2 g6 4. Ngf3 Bg7 5. exd5 exd5 6. Bd3 Ne7 7. O-O O-O 8.
c3 Bf5 9. Nb3 b6 10. Re1 Bxd3 11. Qxd3 Nbc6 12. Bf4 Re8 13. Re2 Qd7 14. Rae1 h6
15. Nbd2 Kf8 16. Ne5 Nxe5 17. Bxe5 Bxe5 18. Rxe5 Nf5 19. Qe2 Rxe5 20. Qxe5 Ng7
21. Qf4 h5 22. Nf3 Re8 23. Rxe8+ Kxe8 24. Qf6 Qf5 25. Qe5+ Qxe5 26. Nxe5 a5
1/2-1/2

[Event "SR 4. liga A21 2018/2019"]
[Site "?"]
[Date "2018.12.02"]
[Round "4.6"]
[White "Jarabek, Milan"]
[Black "Sadlon, Juraj"]
[Result "1/2-1/2"]
[WhiteElo "1769"]
[BlackElo "1878"]
[PlyCount "43"]
[EventDate "2018.??.??"]
[WhiteTeam "CVÄŒ Senica B"]
[BlackTeam "CVÄŒ BrezovÃ¡ pod Bradlom"]

1. d4 Nf6 2. c4 c6 3. Nf3 d6 4. Nc3 Bg4 5. e4 Nbd7 6. Be2 Bxf3 7. Bxf3 g6 8.
Be3 Bg7 9. O-O O-O 10. Rc1 a6 11. a4 e5 12. d5 c5 13. Ra1 a5 14. Nb5 Nb8 15.
Qb1 Ne8 16. Be2 Na6 17. Re1 Nec7 18. Nxc7 Nxc7 19. Ra3 Qd7 20. Qd1 Na6 21. Bd2
Nb4 22. Rh3 1/2-1/2

[Event "SR 4. liga A21 2018/2019"]
[Site "?"]
[Date "2018.12.02"]
[Round "4.6"]
[White "Skapikova, Lubica"]
[Black "Hrdlicka, Martin"]
[Result "1-0"]
[WhiteElo "1872"]
[BlackElo "1443"]
[PlyCount "53"]
[EventDate "2018.??.??"]
[WhiteTeam "CVÄŒ BrezovÃ¡ pod Bradlom"]
[BlackTeam "CVÄŒ Senica B"]

1. e4 e5 2. Nf3 Nc6 3. Bb5 a6 4. Ba4 Nf6 5. O-O d6 6. Re1 Be7 7. c3 b5 8. Bc2
O-O 9. d3 Bb7 10. Nbd2 Re8 11. Nf1 Qd7 12. Ng3 a5 13. Nf5 b4 14. Ba4 Rab8 15.
h3 Rf8 16. cxb4 axb4 17. Qc2 Ra8 18. Nxe7+ Qxe7 19. Bxc6 b3 20. Qc4 Rxa2 21.
Rxa2 bxa2 22. Bg5 Bxc6 23. Qxc6 Rb8 24. Ra1 Qe6 25. Qc3 Nd7 26. Qa3 h6 27. Be3
1-0

[Event "SR 4. liga A21 2018/2019"]
[Site "?"]
[Date "2018.12.02"]
[Round "4.6"]
[White "Drozd, Jan"]
[Black "Hanzluvka, Peter"]
[Result "0-1"]
[WhiteElo "1527"]
[BlackElo "1911"]
[PlyCount "134"]
[EventDate "2018.??.??"]
[WhiteTeam "CVÄŒ Senica B"]
[BlackTeam "CVÄŒ BrezovÃ¡ pod Bradlom"]

1. e4 c5 2. Nc3 Nc6 3. g3 Nf6 4. Bg2 g6 5. d3 Bg7 6. f4 d6 7. Nf3 Bg4 8. h3
Bxf3 9. Bxf3 Nd4 10. Bg2 Rb8 11. Be3 Qb6 12. Rb1 Qa5 13. O-O O-O 14. a3 Nd7 15.
Ne2 e6 16. c3 Nxe2+ 17. Qxe2 f5 18. d4 Rfe8 19. e5 d5 20. g4 c4 21. gxf5 gxf5
22. h4 Kh8 23. Kf2 Qd8 24. Rh1 Rg8 25. Rbg1 Qe7 26. h5 Bh6 27. Kf1 Rg7 28. Bf3
Rbg8 29. Rxg7 Rxg7 30. Qh2 b5 31. Ke2 a5 32. Rg1 b4 33. Rxg7 Kxg7 34. Qg3+ Kf7
35. Bc1 bxa3 36. bxa3 Nb6 37. Kd2 Nc8 38. Bd1 Qf8 39. Kc2 Qg7 40. Qxg7+ Bxg7
41. a4 Bf8 42. Kd2 Ne7 43. Ke2 Ng8 44. Kf2 Nh6 45. Kg3 Be7 46. Kh3 Kg7 47. Kg3
Nf7 48. Be2 Nd8 49. Bd1 Nc6 50. Kh3 Nb8 51. Kg3 Na6 52. Kh3 Nc7 53. Kg3 Ne8 54.
Kh3 Kh6 55. Kg3 Ng7 56. Kh3 Nxh5 57. Bxh5 Kxh5 58. Kg3 Bh4+ 59. Kf3 Be1 60. Bb2
Bd2 61. Kg3 Be1+ 62. Kf3 Kh4 63. Ke2 Bg3 64. Kf3 Kh3 65. Bc1 Be1 66. Bb2 Bd2
67. Ba1 Bc1 0-1

[Event "SR 4. liga A21 2018/2019"]
[Site "?"]
[Date "2018.12.02"]
[Round "4.6"]
[White "Dest, Stanislav"]
[Black "Valent, Tomas"]
[Result "0-1"]
[WhiteElo "1556"]
[BlackElo "1226"]
[PlyCount "52"]
[EventDate "2018.??.??"]
[WhiteTeam "CVÄŒ BrezovÃ¡ pod Bradlom"]
[BlackTeam "CVÄŒ Senica B"]

1. d4 d5 2. c4 Nf6 3. Nf3 Nc6 4. Nc3 Bf5 5. Bg5 e6 6. e3 Be7 7. h3 O-O 8. Rc1
h6 9. Bh4 Re8 10. Be2 Bd6 11. c5 Bf8 12. O-O a6 13. Ne5 Be7 14. Nxc6 bxc6 15.
Qa4 Qd7 16. b4 Ne4 17. Nxe4 Bxh4 18. Nd2 Bf6 19. Nb3 a5 20. Nxa5 e5 21. dxe5
Bxe5 22. Qb3 Bxh3 23. Bf3 Re6 24. e4 Rg6 25. exd5 Bxg2 26. Bxg2 Qg4 0-1

[Event "SR 4. liga A21 2018/2019"]
[Site "?"]
[Date "2018.12.02"]
[Round "4.6"]
[White "Oslej, Marek"]
[Black "Svarc, Vaclav"]
[Result "1/2-1/2"]
[WhiteElo "1259"]
[BlackElo "1156"]
[PlyCount "20"]
[EventDate "2018.??.??"]
[WhiteTeam "CVÄŒ Senica B"]
[BlackTeam "CVÄŒ BrezovÃ¡ pod Bradlom"]

1. e4 e5 2. Nf3 Nc6 3. Bb5 Nf6 4. d3 d6 5. O-O Be7 6. c3 O-O 7. Re1 a6 8. Ba4
b5 9. Bb3 Na5 10. Bc2 c5 1/2-1/2